Zajatecké peklo vo Veľkom Mederi strácalo denne sto duší

Bibliographic Details
Main Author: Barát, Andrej (Author)
Format: Article
Language:Slovak
PhysicalDescription:Fotogr.
ISSN:1335-4050
Subjects:

MARC

LEADER 00000nab a2200000 a 4500
001 vtls010607263
003 SK-MaSNL
005 20260303184430.0
008 140630|20140629xo dr | 000 0|slo
015 |a SNBRB2014/06 
038 |a DSZK 
040 |a DSZK  |b slo  |c DSZK  |e AACR2 
041 0 |a slo 
044 |a xo  |c SK 
080 |a 94(100)"1914/1918"  |2 2001 
080 |a 355.257.7  |x (437.612)  |2 2001 
100 1 |a Barát, Andrej  |4 aut  |9 601991 
245 1 0 |a Zajatecké peklo vo Veľkom Mederi strácalo denne sto duší  |c Andrej Barát 
300 |b Fotogr. 
610 2 7 |a Zajatecký tábor (Veľký Meder, Slovensko)  |2 dszk  |9 1214425 
650 0 7 |a dejiny  |2 SNKPH  |9 3825 
651 7 |a Veľký Meder (Slovensko)  |2 SNKPH  |9 19224 
773 0 |t Pravda  |g Roč. XXIV, č. 148 (29.6.2014), s. 41  |x 1335-4050 
852 |a DSZK  |b KIS3GCP 
958 |a SK 
999 |c 2126756  |d 2128686